000 00667cam a22002413a 4500
001 20606
003 PGUSA
005 20140828083435.0
008 070216s2007||||xxu|||||s|||||000 | eng d
040 _aPGUSA
_beng
042 _adc
050 4 _aPZ
100 1 _aNesbit, E.
_q(Edith),
_d1858-1924
245 1 4 _aThe Magic City
_h[electronic resource] /
_cE. Nesbit
260 _bProject Gutenberg,
_c2007
506 _aPublic domain in the USA.
516 _aElectronic text
653 _aFantasy
700 1 _aMillar, H. R.
_q(Harold Robert),
_d1869-1942
830 0 _aProject Gutenberg
_v20606
856 4 0 _uhttp://www.gutenberg.org/ebooks/20606
942 _cEB
999 _c249861
_d249861